中国所有“城市”,但是回答距离200公里以内的城市就算对(城市点位地图版) - Statistics

General Stats
  • This quiz has been taken 186 times
  • The average score is 658 of 717
Answers on the Map
Answers color-coded by a green-red scale on the quiz's map according to % correct below.
 
Answer Stats
省级行政区 城市 % Correct
江苏省 南京市
99%
江苏省 无锡市
99%
江苏省 常州市
99%
江苏省 苏州市
99%
江苏省 南通市
99%
江苏省 扬州市
99%
江苏省 泰州市
99%
江苏省 江阴市
99%
江苏省 宜兴市
99%
江苏省 溧阳市
99%
江苏省 常熟市
99%
江苏省 张家港市
99%
江苏省 如皋市
99%
江苏省 海安市
99%
江苏省 仪征市
99%
江苏省 高邮市
99%
江苏省 丹阳市
99%
江苏省 扬中市
99%
江苏省 句容市
99%
江苏省 兴化市
99%
江苏省 靖江市
99%
江苏省 泰兴市
99%
浙江省 湖州市
99%
安徽省 天长市
99%
安徽省 广德市
99%
直辖市 北京市
98%
直辖市 天津市
98%
河北省 唐山市
98%
河北省 保定市
98%
河北省 张家口市
98%
河北省 承德市
98%
河北省 沧州市
98%
河北省 廊坊市
98%
河北省 遵化市
98%
河北省 迁安市
98%
河北省 滦州市
98%
河北省 涿州市
98%
河北省 安国市
98%
河北省 高碑店市
98%
河北省 定州市
98%
河北省 泊头市
98%
河北省 任丘市
98%
河北省 黄骅市
98%
河北省 河间市
98%
河北省 霸州市
98%
河北省 三河市
98%
山西省 永济市
98%
辽宁省 凌海市
98%
直辖市 上海市
98%
江苏省 连云港市
98%
江苏省 淮安市
98%
江苏省 盐城市
98%
江苏省 镇江市
98%
江苏省 昆山市
98%
江苏省 太仓市
98%
江苏省 启东市
98%
江苏省 东台市
98%
浙江省 杭州市
98%
浙江省 宁波市
98%
浙江省 嘉兴市
98%
浙江省 绍兴市
98%
浙江省 舟山市
98%
浙江省 余姚市
98%
浙江省 慈溪市
98%
浙江省 海宁市
98%
浙江省 平湖市
98%
浙江省 桐乡市
98%
浙江省 嵊州市
98%
安徽省 合肥市
98%
安徽省 芜湖市
98%
安徽省 蚌埠市
98%
安徽省 淮南市
98%
安徽省 马鞍山市
98%
安徽省 铜陵市
98%
安徽省 滁州市
98%
安徽省 池州市
98%
安徽省 宣城市
98%
安徽省 巢湖市
98%
安徽省 无为市
98%
安徽省 明光市
98%
安徽省 宁国市
98%
福建省 宁德市
98%
福建省 福安市
98%
江西省 萍乡市
98%
江西省 九江市
98%
江西省 瑞昌市
98%
山东省 烟台市
98%
山东省 潍坊市
98%
山东省 济宁市
98%
山东省 泰安市
98%
山东省 德州市
98%
山东省 菏泽市
98%
山东省 胶州市
98%
山东省 滕州市
98%
山东省 龙口市
98%
山东省 栖霞市
98%
山东省 青州市
98%
山东省 寿光市
98%
山东省 安丘市
98%
山东省 高密市
98%
山东省 曲阜市
98%
山东省 邹城市
98%
山东省 新泰市
98%
山东省 肥城市
98%
山东省 乐陵市
98%
山东省 临清市
98%
河南省 商丘市
98%
河南省 信阳市
98%
河南省 舞钢市
98%
河南省 灵宝市
98%
湖北省 武汉市
98%
湖北省 黄石市
98%
湖北省 鄂州市
98%
湖北省 孝感市
98%
湖北省 黄冈市
98%
湖北省 咸宁市
98%
湖北省 随州市
98%
湖北省 大冶市
98%
湖北省 钟祥市
98%
湖北省 京山市
98%
湖北省 应城市
98%
湖北省 安陆市
98%
湖北省 汉川市
98%
湖北省 洪湖市
98%
湖北省 监利市
98%
湖北省 麻城市
98%
湖北省 武穴市
98%
湖北省 赤壁市
98%
湖北省 广水市
98%
湖北省 仙桃市
98%
湖北省 潜江市
98%
湖北省 天门市
98%
湖南省 长沙市
98%
湖南省 株洲市
98%
湖南省 湘潭市
98%
湖南省 岳阳市
98%
湖南省 常德市
98%
湖南省 益阳市
98%
湖南省 浏阳市
98%
湖南省 宁乡市
98%
湖南省 醴陵市
98%
湖南省 湘乡市
98%
湖南省 韶山市
98%
湖南省 汨罗市
98%
湖南省 临湘市
98%
湖南省 沅江市
98%
广东省 韶关市
98%
广东省 英德市
98%
四川省 自贡市
98%
四川省 泸州市
98%
四川省 遂宁市
98%
四川省 内江市
98%
四川省 南充市
98%
四川省 资阳市
98%
四川省 射洪市
98%
四川省 隆昌市
98%
贵州省 赤水市
98%
贵州省 仁怀市
98%
河北省 衡水市
97%
河北省 南宫市
97%
山西省 长治市
97%
山西省 晋城市
97%
山西省 忻州市
97%
山西省 吕梁市
97%
山西省 高平市
97%
山西省 原平市
97%
浙江省 金华市
97%
浙江省 衢州市
97%
浙江省 诸暨市
97%
浙江省 兰溪市
97%
福建省 福州市
97%
福建省 莆田市
97%
福建省 三明市
97%
福建省 泉州市
97%
福建省 南平市
97%
福建省 龙岩市
97%
福建省 福清市
97%
福建省 永安市
97%
福建省 石狮市
97%
福建省 晋江市
97%
福建省 南安市
97%
福建省 建瓯市
97%
福建省 福鼎市
97%
江西省 景德镇市
97%
江西省 鹰潭市
97%
江西省 吉安市
97%
江西省 宜春市
97%
江西省 乐平市
97%
江西省 贵溪市
97%
江西省 德兴市
97%
山东省 济南市
97%
山东省 青岛市
97%
山东省 淄博市
97%
山东省 日照市
97%
山东省 聊城市
97%
山东省 平度市
97%
山东省 莱西市
97%
山东省 莱阳市
97%
山东省 莱州市
97%
山东省 招远市
97%
山东省 海阳市
97%
山东省 诸城市
97%
山东省 昌邑市
97%
山东省 乳山市
97%
山东省 禹城市
97%
山东省 邹平市
97%
河南省 郑州市
97%
河南省 开封市
97%
河南省 洛阳市
97%
河南省 平顶山市
97%
河南省 安阳市
97%
河南省 鹤壁市
97%
河南省 新乡市
97%
河南省 焦作市
97%
河南省 濮阳市
97%
河南省 许昌市
97%
河南省 漯河市
97%
河南省 周口市
97%
河南省 巩义市
97%
河南省 荥阳市
97%
河南省 新密市
97%
河南省 新郑市
97%
河南省 登封市
97%
河南省 汝州市
97%
河南省 林州市
97%
河南省 卫辉市
97%
河南省 辉县市
97%
河南省 长垣市
97%
河南省 沁阳市
97%
河南省 孟州市
97%
河南省 禹州市
97%
河南省 长葛市
97%
河南省 义马市
97%
河南省 济源市
97%
湖北省 石首市
97%
湖南省 衡阳市
97%
湖南省 邵阳市
97%
湖南省 娄底市
97%
湖南省 邵东市
97%
湖南省 津市市
97%
湖南省 冷水江市
97%
湖南省 涟源市
97%
广东省 佛山市
97%
广东省 肇庆市
97%
广东省 阳江市
97%
广东省 清远市
97%
广东省 云浮市
97%
广东省 开平市
97%
广东省 鹤山市
97%
广东省 恩平市
97%
广东省 四会市
97%
广东省 阳春市
97%
广东省 罗定市
97%
直辖市 重庆市
97%
陕西省 铜川市
97%
陕西省 渭南市
97%
陕西省 商洛市
97%
陕西省 韩城市
97%
陕西省 华阴市
97%
河北省 石家庄市
96%
河北省 新乐市
96%
山西省 太原市
96%
山西省 晋中市
96%
辽宁省 沈阳市
96%
辽宁省 鞍山市
96%
辽宁省 抚顺市
96%
辽宁省 本溪市
96%
辽宁省 营口市
96%
辽宁省 阜新市
96%
辽宁省 辽阳市
96%
辽宁省 盘锦市
96%
辽宁省 新民市
96%
辽宁省 海城市
96%
辽宁省 凤城市
96%
辽宁省 北镇市
96%
辽宁省 盖州市
96%
辽宁省 大石桥市
96%
辽宁省 灯塔市
96%
辽宁省 调兵山市
96%
辽宁省 开原市
96%
吉林省 四平市
96%
吉林省 辽源市
96%
吉林省 松原市
96%
吉林省 榆树市
96%
吉林省 德惠市
96%
吉林省 舒兰市
96%
吉林省 扶余市
96%
吉林省 大安市
96%
黑龙江省 哈尔滨市
96%
黑龙江省 大庆市
96%
黑龙江省 绥化市
96%
黑龙江省 尚志市
96%
黑龙江省 五常市
96%
黑龙江省 铁力市
96%
黑龙江省 安达市
96%
黑龙江省 肇东市
96%
黑龙江省 海伦市
96%
浙江省 义乌市
96%
浙江省 东阳市
96%
浙江省 永康市
96%
浙江省 临海市
96%
安徽省 黄山市
96%
福建省 厦门市
96%
福建省 漳州市
96%
江西省 南昌市
96%
江西省 抚州市
96%
江西省 共青城市
96%
江西省 庐山市
96%
江西省 丰城市
96%
江西省 樟树市
96%
江西省 高安市
96%
山东省 东营市
96%
山东省 滨州市
96%
河南省 驻马店市
96%
河南省 项城市
96%
广东省 广州市
96%
广东省 河源市
96%
广东省 东莞市
96%
广东省 潮州市
96%
四川省 成都市
96%
四川省 德阳市
96%
四川省 绵阳市
96%
四川省 乐山市
96%
四川省 眉山市
96%
四川省 广安市
96%
四川省 雅安市
96%
四川省 都江堰市
96%
四川省 彭州市
96%
四川省 邛崃市
96%
四川省 崇州市
96%
四川省 简阳市
96%
四川省 广汉市
96%
四川省 什邡市
96%
四川省 绵竹市
96%
四川省 江油市
96%
四川省 峨眉山市
96%
四川省 华蓥市
96%
陕西省 西安市
96%
陕西省 宝鸡市
96%
陕西省 咸阳市
96%
陕西省 安康市
96%
陕西省 兴平市
96%
陕西省 彬州市
96%
陕西省 旬阳市
96%
甘肃省 庆阳市
96%
河北省 邢台市
95%
河北省 武安市
95%
河北省 深州市
95%
山西省 阳泉市
95%
山西省 朔州市
95%
山西省 介休市
95%
山西省 孝义市
95%
山西省 汾阳市
95%
辽宁省 大连市
95%
辽宁省 铁岭市
95%
辽宁省 瓦房店市
95%
辽宁省 庄河市
95%
吉林省 公主岭市
95%
吉林省 梅河口市
95%
江苏省 宿迁市
95%
浙江省 建德市
95%
浙江省 江山市
95%
江西省 新余市
95%
江西省 上饶市
95%
山东省 威海市
95%
湖南省 郴州市
95%
湖南省 资兴市
95%
广东省 深圳市
95%
广东省 珠海市
95%
广东省 汕头市
95%
广东省 江门市
95%
广东省 湛江市
95%
广东省 茂名市
95%
广东省 惠州市
95%
广东省 梅州市
95%
广东省 汕尾市
95%
广东省 中山市
95%
广东省 揭阳市
95%
广东省 台山市
95%
广东省 廉江市
95%
广东省 雷州市
95%
广东省 吴川市
95%
广东省 化州市
95%
广东省 兴宁市
95%
广东省 陆丰市
95%
广西壮族自治区 南宁市
95%
广西壮族自治区 柳州市
95%
广西壮族自治区 北海市
95%
广西壮族自治区 防城港市
95%
广西壮族自治区 钦州市
95%
广西壮族自治区 贵港市
95%
广西壮族自治区 玉林市
95%
广西壮族自治区 来宾市
95%
广西壮族自治区 崇左市
95%
广西壮族自治区 横州市
95%
广西壮族自治区 东兴市
95%
广西壮族自治区 桂平市
95%
广西壮族自治区 平果市
95%
广西壮族自治区 合山市
95%
广西壮族自治区 凭祥市
95%
海南省 海口市
95%
海南省 文昌市
95%
贵州省 毕节市
95%
贵州省 盘州市
95%
云南省 曲靖市
95%
云南省 宣威市
95%
云南省 楚雄市
95%
云南省 禄丰市
95%
云南省 弥勒市
95%
新疆维吾尔自治区 乌鲁木齐市
95%
新疆维吾尔自治区 昌吉市
95%
新疆维吾尔自治区 阜康市
95%
新疆维吾尔自治区 沙湾市
95%
新疆维吾尔自治区 石河子市
95%
新疆维吾尔自治区 五家渠市
95%
台湾省 台北市
95%
台湾省 新北市
95%
台湾省 桃园市
95%
台湾省 台中市
95%
台湾省 基隆市
95%
台湾省 新竹市
95%
台湾省 嘉义市
95%
台湾省 竹北市
95%
台湾省 苗栗市
95%
台湾省 头份市
95%
台湾省 彰化市
95%
台湾省 员林市
95%
台湾省 南投市
95%
台湾省 斗六市
95%
台湾省 太保市
95%
台湾省 朴子市
95%
台湾省 花莲市
95%
台湾省 宜兰市
95%
台湾省 马公市
95%
山西省 大同市
94%
山西省 临汾市
94%
山西省 怀仁市
94%
山西省 霍州市
94%
内蒙古自治区 鄂尔多斯市
94%
吉林省 长春市
94%
吉林省 吉林市
94%
吉林省 蛟河市
94%
吉林省 桦甸市
94%
吉林省 磐石市
94%
江苏省 徐州市
94%
浙江省 台州市
94%
浙江省 丽水市
94%
浙江省 温岭市
94%
浙江省 龙泉市
94%
安徽省 淮北市
94%
安徽省 安庆市
94%
安徽省 亳州市
94%
安徽省 潜山市
94%
福建省 漳平市
94%
江西省 赣州市
94%
山东省 枣庄市
94%
河南省 永城市
94%
湖南省 永州市
94%
湖南省 武冈市
94%
广东省 南雄市
94%
广东省 普宁市
94%
海南省 儋州市
94%
海南省 五指山市
94%
海南省 琼海市
94%
海南省 万宁市
94%
贵州省 贵阳市
94%
贵州省 遵义市
94%
贵州省 安顺市
94%
贵州省 清镇市
94%
贵州省 黔西市
94%
云南省 昆明市
94%
云南省 玉溪市
94%
云南省 安宁市
94%
云南省 澄江市
94%
云南省 个旧市
94%
云南省 开远市
94%
云南省 蒙自市
94%
陕西省 延安市
94%
陕西省 榆林市
94%
新疆维吾尔自治区 吐鲁番市
94%
台湾省 台南市
94%
台湾省 高雄市
94%
台湾省 屏东市
94%
台湾省 台东市
94%
山西省 古交市
93%
内蒙古自治区 呼和浩特市
93%
江苏省 新沂市
93%
江苏省 邳州市
93%
浙江省 玉环市
93%
安徽省 宿州市
93%
安徽省 桐城市
93%
江西省 井冈山市
93%
山东省 临沂市
93%
湖北省 荆门市
93%
湖北省 宜城市
93%
广东省 乐昌市
93%
广西壮族自治区 桂林市
93%
广西壮族自治区 荔浦市
93%
贵州省 六盘水市
93%
贵州省 凯里市
93%
贵州省 都匀市
93%
贵州省 福泉市
93%
甘肃省 兰州市
93%
甘肃省 临夏市
93%
青海省 西宁市
93%
青海省 海东市
93%
青海省 同仁市
93%
河北省 秦皇岛市
92%
河北省 邯郸市
92%
河北省 晋州市
92%
河北省 辛集市
92%
河北省 沙河市
92%
河北省 平泉市
92%
山西省 河津市
92%
内蒙古自治区 包头市
92%
内蒙古自治区 乌兰察布市
92%
内蒙古自治区 丰镇市
92%
辽宁省 朝阳市
92%
辽宁省 凌源市
92%
吉林省 双辽市
92%
吉林省 敦化市
92%
黑龙江省 鸡西市
92%
黑龙江省 鹤岗市
92%
黑龙江省 双鸭山市
92%
黑龙江省 佳木斯市
92%
黑龙江省 七台河市
92%
安徽省 阜阳市
92%
安徽省 六安市
92%
湖北省 宜昌市
92%
湖北省 襄阳市
92%
湖北省 荆州市
92%
湖北省 宜都市
92%
湖北省 当阳市
92%
湖北省 枝江市
92%
湖北省 枣阳市
92%
广东省 高州市
92%
广西壮族自治区 贺州市
92%
海南省 三亚市
92%
海南省 东方市
92%
西藏自治区 拉萨市
92%
西藏自治区 山南市
92%
陕西省 子长市
92%
甘肃省 白银市
92%
甘肃省 定西市
92%
甘肃省 合作市
92%
辽宁省 锦州市
91%
辽宁省 葫芦岛市
91%
辽宁省 兴城市
91%
黑龙江省 牡丹江市
91%
黑龙江省 富锦市
91%
黑龙江省 东宁市
91%
浙江省 温州市
91%
浙江省 瑞安市
91%
浙江省 乐清市
91%
浙江省 龙港市
91%
河南省 南阳市
91%
湖南省 耒阳市
91%
陕西省 神木市
91%
内蒙古自治区 乌海市
90%
辽宁省 北票市
90%
黑龙江省 密山市
90%
黑龙江省 海林市
90%
黑龙江省 穆棱市
90%
福建省 武夷山市
90%
河南省 邓州市
90%
湖北省 老河口市
90%
广西壮族自治区 北流市
90%
云南省 保山市
90%
宁夏回族自治区 银川市
90%
宁夏回族自治区 石嘴山市
90%
宁夏回族自治区 吴忠市
90%
宁夏回族自治区 中卫市
90%
宁夏回族自治区 灵武市
90%
宁夏回族自治区 青铜峡市
90%
山西省 运城市
89%
山西省 侯马市
89%
辽宁省 丹东市
89%
辽宁省 东港市
89%
黑龙江省 同江市
89%
江西省 瑞金市
89%
江西省 龙南市
89%
河南省 三门峡市
89%
湖北省 松滋市
89%
湖南省 张家界市
89%
广东省 信宜市
89%
四川省 攀枝花市
89%
云南省 丽江市
89%
云南省 腾冲市
89%
云南省 大理市
89%
云南省 泸水市
89%
黑龙江省 伊春市
88%
黑龙江省 宁安市
88%
湖北省 十堰市
88%
湖北省 丹江口市
88%
湖南省 常宁市
88%
四川省 广元市
88%
四川省 阆中市
88%
陕西省 汉中市
88%
内蒙古自治区 赤峰市
87%
吉林省 集安市
87%
吉林省 延吉市
87%
吉林省 图们市
87%
吉林省 珲春市
87%
广西壮族自治区 岑溪市
87%
甘肃省 酒泉市
87%
吉林省 洮南市
86%
黑龙江省 绥芬河市
86%
山东省 荣成市
86%
湖南省 祁阳市
86%
广东省 连州市
86%
广西壮族自治区 河池市
86%
四川省 巴中市
86%
甘肃省 武威市
86%
甘肃省 张掖市
86%
甘肃省 陇南市
86%
吉林省 通化市
85%
福建省 邵武市
85%
湖南省 怀化市
85%
甘肃省 嘉峪关市
85%
甘肃省 天水市
85%
甘肃省 玉门市
85%
湖北省 恩施市
84%
湖南省 吉首市
84%
内蒙古自治区 通辽市
83%
黑龙江省 齐齐哈尔市
83%
湖南省 洪江市
83%
广西壮族自治区 梧州市
83%
广西壮族自治区 百色市
83%
四川省 万源市
83%
四川省 西昌市
83%
四川省 会理市
83%
甘肃省 平凉市
83%
甘肃省 华亭市
83%
宁夏回族自治区 固原市
83%
内蒙古自治区 呼伦贝尔市
82%
内蒙古自治区 满洲里市
82%
吉林省 白山市
82%
吉林省 临江市
82%
黑龙江省 虎林市
82%
四川省 宜宾市
82%
云南省 昭通市
82%
云南省 水富市
82%
湖北省 利川市
81%
广西壮族自治区 靖西市
81%
四川省 达州市
80%
贵州省 兴仁市
80%
黑龙江省 黑河市
79%
云南省 临沧市
79%
甘肃省 金昌市
79%
吉林省 龙井市
78%
吉林省 和龙市
78%
黑龙江省 讷河市
78%
安徽省 界首市
78%
海南省 三沙市
78%
新疆维吾尔自治区 克拉玛依市
78%
新疆维吾尔自治区 阿拉山口市
78%
西藏自治区 日喀则市
77%
内蒙古自治区 扎兰屯市
76%
云南省 普洱市
76%
云南省 芒市
76%
新疆维吾尔自治区 阿图什市
75%
新疆维吾尔自治区 喀什市
75%
新疆维吾尔自治区 奎屯市
75%
新疆维吾尔自治区 乌苏市
75%
新疆维吾尔自治区 胡杨河市
75%
内蒙古自治区 牙克石市
74%
内蒙古自治区 额尔古纳市
74%
贵州省 铜仁市
74%
贵州省 兴义市
74%
云南省 景洪市
74%
黑龙江省 漠河市
71%
四川省 康定市
71%
云南省 瑞丽市
71%
吉林省 白城市
70%
黑龙江省 北安市
70%
西藏自治区 林芝市
70%
西藏自治区 米林市
70%
内蒙古自治区 巴彦淖尔市
69%
新疆维吾尔自治区 双河市
69%
新疆维吾尔自治区 和田市
68%
新疆维吾尔自治区 塔城市
68%
新疆维吾尔自治区 昆玉市
68%
新疆维吾尔自治区 白杨市
68%
西藏自治区 昌都市
67%
西藏自治区 错那市
67%
新疆维吾尔自治区 博乐市
67%
新疆维吾尔自治区 伊宁市
67%
新疆维吾尔自治区 阿勒泰市
67%
新疆维吾尔自治区 北屯市
67%
新疆维吾尔自治区 可克达拉市
67%
新疆维吾尔自治区 哈密市
66%
新疆维吾尔自治区 新星市
66%
云南省 香格里拉市
65%
新疆维吾尔自治区 霍尔果斯市
65%
内蒙古自治区 乌兰浩特市
63%
云南省 文山市
62%
西藏自治区 那曲市
62%
新疆维吾尔自治区 阿拉尔市
58%
甘肃省 敦煌市
57%
青海省 玉树市
57%
新疆维吾尔自治区 阿克苏市
57%
内蒙古自治区 二连浩特市
56%
青海省 格尔木市
56%
新疆维吾尔自治区 图木舒克市
54%
新疆维吾尔自治区 库尔勒市
51%
新疆维吾尔自治区 铁门关市
51%
黑龙江省 抚远市
50%
黑龙江省 五大连池市
49%
黑龙江省 嫩江市
47%
内蒙古自治区 根河市
45%
四川省 马尔康市
45%
内蒙古自治区 霍林郭勒市
44%
青海省 德令哈市
44%
内蒙古自治区 锡林浩特市
41%
青海省 茫崖市
38%
新疆维吾尔自治区 库车市
36%
内蒙古自治区 阿尔山市
32%
No matching quizzes found
Score Distribution
Percent of People with Each Score
Percentile by Number Answered
Your Score History
You have not taken this quiz